| 000 | 00486nam a2200169Ia 4500 | ||
|---|---|---|---|
| 008 | 230917s9999||||xx |||||||||||||| ||und|| | ||
| 020 | _cGBP89 | ||
| 040 |
_e237863 _aMAIN |
||
| 041 | _aEnglish | ||
| 082 | _a512.46 H337A | ||
| 100 | _aHazewinkel,Michiel | ||
| 245 | 0 | _aAlgebras, Rings and Modules:Non-commutative Algebars and rings. | |
| 260 |
_aBoca Raton _bCRC Press _c2016 |
||
| 300 | _axiii, 374 p. | ||
| 500 | _a2602 09/02/2017 RBP17/64569 24/03/2017 Main Budget | ||
| 942 | _cBK | ||
| 999 |
_c21320 _d21320 |
||